Szegeden jelenleg 38 kisipari szövetkezet működik több fontos határozatot hozott a városi tanács végrehajtó bizottsága a szövetkezetek munkájának megjavítására
Elmentve itt :
| Dokumentumtípus: | Cikk |
|---|---|
| Megjelent: |
1958-09-24
|
| Sorozat: | Délmagyarország
|
| Kulcsszavak: | Kisipar Szeged 1958 |
| Online Access: | http://dmarchiv.bibl.u-szeged.hu/53905 |
| LEADER | 00544nab a2200145 i 4500 | ||
|---|---|---|---|
| 001 | delm53905 | ||
| 005 | 20180927141916.0 | ||
| 008 | 180927s1958 hu o 0|| hun d | ||
| 040 | |a SZTE Délmagyarország Archívum |b hun | ||
| 041 | |a hun | ||
| 245 | 0 | 0 | |a Szegeden jelenleg 38 kisipari szövetkezet működik |h [elektronikus dokumentum] : |b több fontos határozatot hozott a városi tanács végrehajtó bizottsága a szövetkezetek munkájának megjavítására |
| 260 | |c 1958-09-24 | ||
| 300 | |a 1,5 | ||
| 490 | 0 | |a Délmagyarország | |
| 695 | |a Kisipar Szeged 1958 | ||